Central Library OPAC University of Rajshahi

Documents on German Foreign Policy, 1918-1945 / (Record no. 45165)

MARC details
000 -LEADER
fixed length control field 01113cam a2200289 a 4500
001 - CONTROL NUMBER
control field 45165
003 - CONTROL NUMBER IDENTIFIER
rucl marc code BD-RJUL
005 - DATE AND TIME OF LATEST TRANSACTION
control field 20211209053955.0
008 - FIXED-LENGTH DATA ELEMENTS--GENERAL INFORMATION
fixed length control field 160724s1953 enkab b f000 0 eng d
035 ## - SYSTEM CONTROL NUMBER
System control number BD-RJUL 45283
040 ## - CATALOGING SOURCE
Original cataloging agency BD-RjUL
Language of cataloging eng
Transcribing agency BD-RjUL
041 ## - LANGUAGE CODE
Language code of text/sound track or separate title eng
082 ## - DEWEY DECIMAL CLASSIFICATION NUMBER
Edition number 23
Classification number 327.43
Author mark and year DOC 1953
090 ## - LOCALLY ASSIGNED LC-TYPE CALL NUMBER (OCLC); LOCAL CALL NUMBER (OCLC)
Classification number (OCLC) (R) ; Classification number, CALL (RLIN) (NR) DD240
Local cutter number (OCLC) ; Book number/undivided call number, CALL (RLIN) .U55 Ser.D
245 00 - TITLE STATEMENT
Title Documents on German Foreign Policy, 1918-1945 /
260 ## - PUBLICATION, DISTRIBUTION, ETC. (IMPRINT)
Place of publication, distribution, etc. London :
Name of publisher, distributor, etc. H.M.S.O,
Date of publication, distribution, etc. 1953
300 ## - PHYSICAL DESCRIPTION
Pagination V. :
Illustrations ill. ;
Size 24 cm.
504 ## - BIBLIOGRAPHY, ETC. NOTE
Bibliography, etc Includes bibliographical references.
505 0# - FORMATTED CONTENTS NOTE
Formatted contents note Vol 2- Vol 3 -- Vol 4 -- Vol 5---
520 ## - SUMMARY, ETC.
Summary, etc. "...Object of the publication was to 'establish the record of German foreign policy preceding and during World War 11 ...' based on documents from captured archivies of the German Foreign Minis.
650 #0 - SUBJECT ADDED ENTRY--TOPICAL TERM
Topical term or geographic name as entry element World War, 1939-1945
Geographic subdivision Germany.
9 (RLIN) 131958
651 #0 - SUBJECT ADDED ENTRY--GEOGRAPHIC NAME
Geographic name Germany
General subdivision History
Chronological subdivision 1933-1945.
9 (RLIN) 131959
Geographic name Germany
General subdivision Foreign relations
Chronological subdivision 1933-1945.
9 (RLIN) 131960
Geographic name Germany
General subdivision Politics and government
Chronological subdivision 1933-1945.
9 (RLIN) 131961
710 1# - ADDED ENTRY--CORPORATE NAME
Corporate name or jurisdiction name as entry element Germany.
Subordinate unit Auswärtiges Amt.
9 (RLIN) 131962
942 ## - ADDED ENTRY ELEMENTS (KOHA)
Source of classification or shelving scheme Dewey Decimal Classification
Koha item type Books
Holdings
Lost status Source of classification or shelving scheme Damaged status Not for loan Collection code Permanent Location Current Location Shelving location Date acquired Source of acquisition Cost, normal purchase price Total Checkouts Full call number Date last seen Copy number Koha item type
  Dewey Decimal Classification     Non-fiction Central Library, University of Rajshahi Central Library, University of Rajshahi   17/09/1955 B.H. Blackwell 1.55   327.43 DOC V-5 1953 24/07/2016 C-2 Books
  Dewey Decimal Classification     Non-fiction Central Library, University of Rajshahi Central Library, University of Rajshahi   17/09/1955 B.H. Black well 1.15   327.43 DOC V-4 1951 24/07/2016 C-2 Books
  Dewey Decimal Classification     Non-fiction Central Library, University of Rajshahi Central Library, University of Rajshahi   17/09/1955 B.H. Black well 1.15   327.43 DOC V-2 1950 24/07/2016 C-2 Books